[Event "YUG Cup"]
[Site "Ulcinj"]
[Date "1998.??.??"]
[Round "2"]
[White "Velimirovic, Dragoljub"]
[Black "Ninov, Nikolai"]
[Result "1/2-1/2"]
[WhiteElo "2535"]
[BlackElo "2455"]
[PlyCount "142"]
[EventDate "1998.??.??"]
[EventType "team"]
[EventRounds "7"]
[EventCountry "YUG"]
[Source "ChessBase"]
[SourceDate "1998.11.10"]
[WhiteTeamCountry "YUG"]
[BlackTeamCountry "YUG"]

1. e4 c5 2. Nf3 d6 3. d4 Nf6 4. Nc3 cxd4 5. Nxd4 a6 6. Bc4 e6 7. Bb3 Nbd7 8. f4
Nc5 9. e5 dxe5 10. fxe5 Nfd7 11. Bf4 Be7 12. Qh5 Nf8 13. O-O-O Bd7 14. Nf3 Ng6
15. Bg5 h6 16. Be3 Nxb3+ 17. axb3 Qa5 18. Kb1 Bc6 19. Rhe1 Rc8 20. Bc1 Bxf3 21.
Qxf3 Qc7 22. Qh5 O-O 23. Rd3 Rfd8 24. Rh3 Rd4 25. Be3 Rh4 26. Rxh4 Bxh4 27. g3
Be7 28. Bd4 b5 29. Qe2 Bc5 30. Bxc5 Qxc5 31. h4 Rd8 32. Qe3 Qxe3 33. Rxe3 h5
34. Kc1 b4 35. Ne2 Rd5 36. Nf4 Nxf4 37. gxf4 Rd4 38. Rf3 Kf8 39. c3 Re4 40. Kd2
f6 41. exf6 gxf6 42. Kd3 f5 43. Re3 Rxf4 44. Rxe6 Rxh4 45. Rf6+ Ke7 46. Rxf5
Rh2 47. Kc4 Rh4+ 48. Kc5 Ke6 49. Rg5 a5 50. Kb5 Rh3 51. Rc5 Re3 52. cxb4 axb4
53. Kxb4 h4 54. Rh5 h3 55. Ka4 Kd6 56. b4 Kc6 57. b5+ Kb7 58. Ka5 Re6 59. Rxh3
Rg6 60. Rh7+ Kb8 61. Rd7 Rf6 62. Kb4 Kc8 63. Rd5 Kc7 64. Kc5 Rf2 65. b6+ Kb7
66. Rd7+ Kc8 67. Rc7+ Kb8 68. b4 Rc2+ 69. Kb5 Rh2 70. Rg7 Rh1 71. Rd7 Rg1
1/2-1/2

[Event "YUG Cup"]
[Site "Ulcinj"]
[Date "1998.??.??"]
[Round "4"]
[White "Strikovic, Aleksa"]
[Black "Velimirovic, Dragoljub"]
[Result "1/2-1/2"]
[WhiteElo "2565"]
[BlackElo "2535"]
[Annotator "Bulletin"]
[PlyCount "47"]
[EventDate "1998.??.??"]
[EventType "team"]
[EventRounds "7"]
[EventCountry "YUG"]
[Source "ChessBase"]
[SourceDate "1998.11.10"]
[WhiteTeamCountry "YUG"]
[BlackTeamCountry "YUG"]

1. e4 c5 2. c3 e6 3. d4 d5 4. exd5 exd5 5. Nf3 Nc6 6. Bb5 Bd6 7. dxc5 $6 Qe7+
$1 8. Qe2 Qxe2+ 9. Kxe2 $146 (9. Bxe2 {
... 1/2-1/2(61) Petronic,J-Velimirovic,D/Banja Vrucica YUG ch 1991}) 9... Bxc5
$8 10. Be3 Bxe3 $1 11. Kxe3 Nf6 12. Nbd2 O-O 13. Rhe1 Re8+ 14. Kf4 Be6 $1 15.
Nd4 $5 Bd7 (15... Nxd4 16. Bxe8 Nc2 (16... Nh5+ $2 17. Kg5 Nc2 18. Rxe6 $1 $18)
17. Ba4 Nxa1 18. Rxa1 $14) 16. Bxc6 bxc6 17. b4 h6 18. h4 Rxe1 19. Rxe1 a5 20.
a3 $8 axb4 21. axb4 Ra2 22. Re2 Kf8 23. Ke5 Ke7 24. Kf4+ 1/2-1/2

[Event "YUG Cup"]
[Site "Ulcinj"]
[Date "1998.??.??"]
[Round "5"]
[White "Velimirovic, Dragoljub"]
[Black "Damljanovic, Branko"]
[Result "1/2-1/2"]
[WhiteElo "2535"]
[BlackElo "2540"]
[PlyCount "91"]
[EventDate "1998.??.??"]
[EventType "team"]
[EventRounds "7"]
[EventCountry "YUG"]
[Source "ChessBase"]
[SourceDate "1998.11.10"]
[WhiteTeamCountry "YUG"]
[BlackTeamCountry "YUG"]

1. e4 c5 2. Nf3 Nc6 3. d4 cxd4 4. Nxd4 Nf6 5. Nc3 d6 6. Bc4 Qb6 7. Nxc6 bxc6 8.
O-O g6 9. Bd3 Bg7 10. Na4 Qc7 11. c4 O-O 12. f4 Ng4 13. Qc2 f5 14. h3 fxe4 15.
Bxe4 Nf6 16. Bd3 e6 17. b4 a5 18. b5 cxb5 19. cxb5 Qxc2 20. Bxc2 Nd5 21. Rb1
Bd7 22. Bd2 Rfb8 23. Bd3 Bd4+ 24. Kh2 Nc7 25. Bc3 Bxb5 26. Bxb5 Nxb5 27. Bxd4
Nxd4 28. Nb6 Ra7 29. Rfd1 Rab7 30. Rxd4 Rxb6 31. Rc1 d5 32. Rc7 Rb4 33. Rxb4
Rxb4 34. Kg3 h6 35. Re7 Re4 36. Ra7 g5 37. fxg5 hxg5 38. Rxa5 Kf7 39. a4 Rb4
40. Ra8 Kf6 41. a5 Kf5 42. a6 Rb3+ 43. Kf2 Ra3 44. a7 Ke4 45. Re8 Rxa7 46.
Rxe6+ 1/2-1/2

[Event "YUG Cup"]
[Site "Ulcinj"]
[Date "1998.??.??"]
[Round "6"]
[White "Velimirovic, Dragoljub"]
[Black "Mozetic, Dejan"]
[Result "1-0"]
[WhiteElo "2535"]
[BlackElo "2440"]
[PlyCount "53"]
[EventDate "1998.??.??"]
[EventType "team"]
[EventRounds "7"]
[EventCountry "YUG"]
[Source "ChessBase"]
[SourceDate "1998.11.10"]
[WhiteTeamCountry "YUG"]
[BlackTeamCountry "YUG"]

1. e4 e5 2. Nf3 Nc6 3. Bb5 a6 4. Ba4 Nf6 5. O-O Be7 6. Re1 b5 7. Bb3 d6 8. c3
O-O 9. h3 Na5 10. Bc2 c5 11. d4 Qc7 12. Nbd2 cxd4 13. cxd4 Bd7 14. d5 Rfc8 15.
Bd3 Nb7 16. Nf1 Nc5 17. Bc2 a5 18. Ng3 Na6 19. Bb1 Nb4 20. Nh4 g6 21. Bh6 Ne8
22. Nhf5 gxf5 23. exf5 Nf6 24. Nh5 Nc2 25. Qf3 Nxh5 26. Qxh5 Bf6 27. Re4 1-0

[Event "YUG Cup"]
[Site "Ulcinj"]
[Date "1998.??.??"]
[Round "7"]
[White "Popovic, Petar"]
[Black "Velimirovic, Dragoljub"]
[Result "1/2-1/2"]
[WhiteElo "2525"]
[BlackElo "2535"]
[PlyCount "53"]
[EventDate "1998.??.??"]
[EventType "team"]
[EventRounds "7"]
[EventCountry "YUG"]
[Source "ChessBase"]
[SourceDate "1998.11.10"]
[WhiteTeamCountry "YUG"]
[BlackTeamCountry "YUG"]

1. e4 c5 2. Nf3 Nc6 3. d4 cxd4 4. Nxd4 g6 5. c4 Nf6 6. Nc3 d6 7. Be2 Nxd4 8.
Qxd4 Bg7 9. Be3 O-O 10. Qd2 Be6 11. O-O Qa5 12. Rfc1 Nxe4 13. Nxe4 Qxd2 14.
Nxd2 Bxb2 15. Bf3 Rab8 $146 16. Bxa7 Ra8 17. Be3 Rfb8 18. Re1 Bxa1 19. Rxa1 Ra3
20. h3 Bd7 21. Nb1 Ra4 22. Be2 Be6 23. Nc3 Ra3 24. Nb5 Ra4 25. Nc3 Ra3 26. Nb1
Ra4 27. Nc3 1/2-1/2

[Event "Belgrade-Moscow"]
[Site "Belgrade"]
[Date "1998.01.28"]
[Round "1"]
[White "Shipov, Sergei"]
[Black "Velimirovic, Dragoljub"]
[Result "1/2-1/2"]
[WhiteElo "2620"]
[BlackElo "2535"]
[Annotator "Stohl,I"]
[PlyCount "78"]
[EventDate "1998.01.28"]
[EventType "team"]
[EventRounds "2"]
[EventCountry "YUG"]
[Source "ChessBase"]
[SourceDate "1998.06.02"]
[WhiteTeam "Moscow"]
[BlackTeam "Belgrade"]
[WhiteTeamCountry "RUS"]
[BlackTeamCountry "YUG"]

1. d4 c5 2. d5 Nf6 3. c4 g6 4. Nc3 Bg7 5. e4 d6 6. h3 O-O 7. Bd3 e6 8. Nf3 exd5
9. cxd5 b5 10. Bxb5 (10. Nxb5 Nxe4 $2 (10... Re8 $1) 11. Bxe4 Re8 12. Ng5 Ba6
13. a4 Bxb2 14. Bxb2 Qxg5 15. O-O $1 Rxe4 16. Qf3 Rb4 17. Nxd6 Qf4 18. Rfe1 Nd7
19. Qxf4 Rxf4 20. Re7 Nb6 21. Rae1 Rf8 22. Bc1 Rh4 23. Rxa7 Bd3 24. Ree7 $40 {
Priehoda,V-Manik,M/SVK-chT/1998/}) 10... Nxe4 11. Nxe4 Qa5+ 12. Nfd2 Qxb5 13.
Nxd6 Qa6 14. N2c4 Nd7 15. O-O Nb6 16. Nxb6 Qxb6 17. Nxc8 Raxc8 18. Rb1 Rfd8 (
18... Qb7 19. d6 Rfd8 20. Bg5 Rd7 21. Bf4 Bf8 22. Qa4 Bxd6 23. Rfd1 Qc7 24.
Bxd6 Rxd6 25. Rxd6 Qxd6 26. Qxa7 Qd3 (26... Re8 $1 $44 {-Komarov-Leko}) 27. Rf1
Qc2 28. b3 c4 29. bxc4 Qxc4 30. a4 $14 {Dautov,R-Lau,R/NRW-Cup Masters op/1997/
}) (18... Qd6 $5 19. Bg5 $1 h6 20. Be3 Rfd8 21. Qa4 Qxd5 22. Qxa7 c4 23. Qa4
Ra8 24. Qc2 Rxa2 25. Rfd1 Qa8 26. Rxd8+ Qxd8 27. Qxc4 Rxb2 28. Rxb2 Bxb2 29.
Bxh6 Bd4 30. Qe2 {=/+/=,Ibragimov,I-Nepomnishay,M/St.Petersburg op/1995/}) 19.
Bf4 Qb7 $1 (19... Bd4 20. d6 c4 21. Qg4 h5 22. Qg3 Bc5 23. Rfd1 $16) (19... Qa6
$6 20. d6 Rd7 21. Qd5 c4 22. Rbd1 Bxb2 23. Rfe1 Bf6 24. Be5 Bxe5 25. Rxe5 Rf8
26. Re7 Rdd8 27. d7 Qxa2 28. Rde1 Qa4 29. Kh2 a6 30. Rxf7 $1 {
1-0,Rogozenko,D-Marin,M/Bucharest Ciocaltea/1995/}) (19... Rd7 20. d6 Bf8 21.
Qg4 Qb7 22. Rfd1 Rc6 23. Rd2 Bxd6 24. Rbd1 Qc7 25. Rd5 h5 26. Qf3 Kf8 27. Be5
Qd8 28. b3 Qc7 29. Qd3 Ke7 30. g3 h4 31. Qe3 {
1-0,Grabarczyk,M-Oliwa,M/POL-ch Brzeg Dolny/1996/}) (19... c4 20. d6 Rd7 21.
Qa4 Rc6 22. Rbe1 $16 {Rogozenko,D-Moldovan,D/ROM-chT/1995/}) 20. d6 Bf8 21. Qd3
$5 {A new attempt to improve on the Karpov-Topalov, in which 19...Qb7!
appeared for the first time.} (21. Qd2 Bxd6 22. Bxd6 Rc6 23. Rfd1 Qa6 24. Qg5
Rdxd6 25. Rxd6 Rxd6 26. Qxc5 Qxa2 27. Re1 Rd8 28. b4 a6 $11 {
Karpov,A-Topalov,V/Las Palmas/1996/}) 21... Bxd6 (21... Rc6 22. Rfd1 {/\d7}
Bxd6 {-21...Bd6}) (21... c4 22. Qg3 $16) 22. Bxd6 Rc6 23. Rfd1 Rcxd6 $6 {
This leads to an endgame, in which White is somewhat better, although his
advantage is probably insufficient to win.} ({
A more convincing and forcing way to full equality is} 23... Qd7 $1 24. Qa3 (
24. Rbc1 Rxd6 25. Qxd6 Qxd6 26. Rxd6 Rxd6 27. Rxc5 Rd1+ 28. Kh2 Rd2 29. Ra5
Rxb2 30. f4 Rb7 $10) 24... Rxd6 25. Rxd6 (25. Rdc1 Qf5 $132) 25... Qxd6 26.
Qxa7 Re8 $44 27. Qa5 (27. Rc1 Re2 28. b3 Rxf2 29. Rxc5 Rxg2+ $1 30. Kxg2 Qd2+
$10) (27. Qa4 Re2 28. Qc4 Qe5 $11) 27... Re2 28. Qc3 Qb6 $1 29. a4 c4 30. Rf1
Qb3 31. Qxb3 cxb3 32. Rb1 Re4 33. Ra1 (33. Kf1 Rxa4 34. Ke2 Rc4 35. Rd1 Kg7 36.
Rd3 Rc2+ 37. Rd2 Rc1 38. Ke3 Rb1 39. Kd3 Rc1 $11) 33... Re2 34. Rb1 Re4 {
1/2,Komarov,D-Leko,P/YUG-chT/1997/}) (23... Qb6 $2 24. Bxc5 $1 Rxd3 25. Bxb6
Rxd1+ 26. Rxd1 axb6 27. Rd2 $16) 24. Qxd6 Rxd6 25. Rxd6 c4 26. Rd2 {
Now Black immediately exchanges his weak Pc4.} (26. Rdd1 $5 Qb4 27. Rdc1 $14)
26... c3 27. Rc2 Qe4 28. Rbc1 (28. Rcc1 $2 c2 29. Ra1 a5 30. a4 Qd3 $19 {
/\Kf8-e7-d6-c5-b4-b3 paralyzes White.}) 28... cxb2 29. Rxb2 h5 $1 {/\h4,><Kg1
n important motive. White's only chance to win is a coordinated attack by his
R. If Black's P gets to h4, this will always lead only to perpeual check.} 30.
g3 $5 (30. Rc7 $4 Qe1+ 31. Kh2 Qe5+ $19) (30. Rb3 h4 $11) 30... a5 (30... h4 $6
31. g4 Qf3 32. Rb3 $14 {would be premature.}) 31. Rb3 (31. h4 $142 $5 $14)
31... Qd5 32. Rcb1 (32. h4 Qd2 33. Ra1 Qc2 $11) 32... Qd2 33. a3 Qc2 34. Rb8+ (
34. h4 a4 35. Rb4 Qa2 $11) 34... Kg7 35. Re1 Qc3 36. Re3 $8 Qc1+ 37. Kg2 (37.
Kh2 h4 $5 (37... Qd2 38. Rf3 Qd5 $11) 38. Rb7 hxg3+ 39. Rxg3 Qf4 $132) 37...
Qc6+ 38. Kg1 (38. Rf3 $2 g5 39. g4 hxg4 40. hxg4 f5 $19) 38... Qc1+ 39. Kg2
Qc6+ 1/2-1/2

[Event "Belgrade-Moscow"]
[Site "Belgrade"]
[Date "1998.01.29"]
[Round "2"]
[White "Velimirovic, Dragoljub"]
[Black "Shipov, Sergei"]
[Result "1/2-1/2"]
[WhiteElo "2535"]
[BlackElo "2620"]
[PlyCount "104"]
[EventDate "1998.01.28"]
[EventType "team"]
[EventRounds "2"]
[EventCountry "YUG"]
[Source "ChessBase"]
[SourceDate "1998.06.02"]
[WhiteTeam "Belgrade"]
[BlackTeam "Moscow"]
[WhiteTeamCountry "YUG"]
[BlackTeamCountry "RUS"]

1. e4 c5 2. Nf3 d6 3. d4 cxd4 4. Nxd4 Nf6 5. Nc3 a6 6. Bc4 e6 7. Bb3 Nbd7 8. f4
Nc5 9. O-O Be7 10. e5 dxe5 11. fxe5 Nxb3 12. axb3 Bc5 13. Be3 Nd5 14. Bf2 O-O
15. Ne4 Be7 16. c4 Nf4 17. Qg4 Ng6 18. Rad1 Nxe5 19. Qg3 Qc7 20. Be3 f6 21. Bh6
Rf7 22. Bf4 Bd7 23. Bxe5 Qxe5 24. Qxe5 fxe5 25. Rxf7 Kxf7 26. Nf3 Be8 27. Nxe5+
Kf8 28. Nd7+ Kg8 29. Ne5 Rd8 30. Rxd8 Bxd8 31. Kf2 Bc7 32. Nf3 h6 33. Ke3 Kf7
34. Kd4 Ke7 35. b4 Bf4 36. Nc5 Bc6 37. Ne5 Bxg2 38. Ng6+ Kd6 39. Nxf4 e5+ 40.
Ke3 exf4+ 41. Kxf4 a5 42. Nxb7+ Bxb7 43. bxa5 Bc8 44. b4 g5+ 45. Ke4 h5 46. b5
Kc5 47. a6 Kb6 48. c5+ Ka7 49. Ke5 h4 50. Kd6 g4 51. Kc7 g3 52. hxg3 hxg3
1/2-1/2

[Event "YUG-ch53"]
[Site "Belgrade "]
[Date "1998.03.14"]
[Round "1"]
[White "Gligoric, Svetozar"]
[Black "Velimirovic, Dragoljub"]
[Result "1/2-1/2"]
[WhiteElo "2480"]
[BlackElo "2535"]
[PlyCount "29"]
[EventDate "1998.03.14"]
[EventType "tourn"]
[EventRounds "15"]
[EventCountry "YUG"]
[EventCategory "10"]
[Source "ChessBase"]
[SourceDate "1998.06.02"]
[WhiteTeamCountry "YUG"]
[BlackTeamCountry "RUS"]

1. d4 Nf6 2. c4 c5 3. d5 g6 4. Nc3 Bg7 5. e4 d6 6. Nf3 O-O 7. h3 e6 8. Bd3 exd5
9. exd5 Re8+ 10. Be3 Bh6 11. O-O Bxe3 12. fxe3 Nbd7 13. Qd2 Kg7 14. Rf2 Qe7 15.
e4 1/2-1/2

[Event "YUG-ch53"]
[Site "Belgrade "]
[Date "1998.03.15"]
[Round "2"]
[White "Velimirovic, Dragoljub"]
[Black "Popovic, Petar"]
[Result "1/2-1/2"]
[WhiteElo "2535"]
[BlackElo "2525"]
[PlyCount "47"]
[EventDate "1998.03.14"]
[EventType "tourn"]
[EventRounds "15"]
[EventCountry "YUG"]
[EventCategory "10"]
[Source "ChessBase"]
[SourceDate "1998.06.02"]
[WhiteTeamCountry "YUG"]
[BlackTeamCountry "RUS"]

1. e4 c5 2. Nf3 d6 3. d4 cxd4 4. Nxd4 Nf6 5. Nc3 a6 6. Bc4 e6 7. Bb3 Nbd7 8. f4
Nc5 9. e5 Nfd7 10. exd6 Nf6 11. Qe2 Bxd6 12. Nf5 O-O 13. Nxd6 Qxd6 14. Be3 b5
15. Qf3 Bd7 16. Rd1 Qe7 17. O-O Rac8 18. Bd4 b4 19. Bxf6 Qxf6 20. Ne4 Nxe4 21.
Qxe4 Bb5 22. Rf2 Rfd8 23. Rxd8+ Rxd8 24. h3 1/2-1/2

[Event "YUG-ch53"]
[Site "Belgrade "]
[Date "1998.03.16"]
[Round "3"]
[White "Markovic, Miroslav"]
[Black "Velimirovic, Dragoljub"]
[Result "1-0"]
[WhiteElo "2540"]
[BlackElo "2535"]
[Annotator "Finkel,A"]
[PlyCount "79"]
[EventDate "1998.03.14"]
[EventType "tourn"]
[EventRounds "15"]
[EventCountry "YUG"]
[EventCategory "10"]
[Source "ChessBase"]
[SourceDate "1998.06.02"]
[WhiteTeamCountry "YUG"]
[BlackTeamCountry "RUS"]

1. e4 {Hansen,Cu} c5 2. Nf3 Nc6 3. Bb5 g6 4. O-O Bg7 5. Re1 Nf6 6. e5 Nd5 7.
Nc3 Nc7 8. Bxc6 dxc6 9. Ne4 Ne6 {Hansen,Cu: White has the better P-structure
and a strong P on  e5, while blacks has the ^^} 10. d3 O-O 11. Be3 b6 12. Qd2
Re8 (12... f5 $5 13. exf6 exf6 14. Bh6 a5 15. Bxg7 (15. h3 $5 Ra7 16. Bxg7 Kxg7
17. Re2 Raf7 18. Rae1 h6 19. Ng3 $14 {
Zhang,Z-Ivanisevic,I/World Juniors, Zagan POL 1997/1-0 (86)}) 15... Kxg7 16.
Re2 Ra7 17. Rae1 Re7 $1 18. h4 Ree8 19. Ng3 $11 {
1/2-1/2 Nikolenko Oleg-Soffer Ram/It (open) "Berlin Summer", Berlin (Germ 1995}
) (12... Nd4 $5 13. Nxd4 cxd4 14. Bh6 Bxe5 $1 15. Bxf8 Qxf8 $44 {
Golubovic,B-Grabert,R/Bled op18th 1997 (29)}) 13. Bh6 Bh8 14. Neg5 $5 (14. Ng3
$5 Qd5 $6 15. c4 Qd8 16. Rad1 Nd4 17. Nxd4 cxd4 18. Qf4 $36 {
Filipovic,B-Kozul,Z/JUG-ch 1985 (56)}) (14. c3 $5 f5 $6 (14... Ba6 15. Rad1 Qd7
16. b3 Rad8 17. c4 Bc8 18. h3 Qc7 19. Ng3 $14 {
Breyther,R-Tseitlin,M/Budapest FS06 GM 1996 (44)}) 15. Neg5 Qd5 16. c4 Qd8 17.
Nxe6 Bxe6 18. Rad1 Qc8 19. h4 Rd8 20. Qf4 $16 {
Sobjanov-Egorov,E/Russian Cup 8th Leg, Smolensk RUS 1997 (37)}) 14... f6 15.
Nxe6 Bxe6 16. Qf4 Bd5 17. Nd2 $1 $36 {The knight is very important piece in
this kind of positions so white has to keep it on the board even if it costs
him a pawn.} (17. exf6 {Hansen,Cu} exf6 $11) 17... fxe5 (17... Qd7 $5 18. c4
Be6 19. Re3 Bf5 20. Qg3 Rad8 $132) 18. Qg3 Qd7 19. c4 Be6 20. Re3 Rad8 21. Rae1
{/\b2-b3,Nd2-f3+/-} e4 $5 (21... Bf5 22. Nf3 $1 Bxd3 23. Nxe5 Bxe5 24. Qxe5 Qd4
25. Qe6+ Kh8 26. Rxd3 $18) 22. Nxe4 Bf5 ({Deserved attention} 22... Bxb2 $5 23.
Nxc5 bxc5 24. Rxe6 Qxd3 25. Qxd3 (25. Qc7 $1 Qd7 (25... Qxc4 26. Rxe7 Qf7 27.
g3 Be5 28. Rxf7 Bxc7 29. Rg7+ Kh8 30. Rxe8+ Rxe8 31. Rxc7 $18) 26. Qxc6 Qxc6
27. Rxc6 Bc3 28. Rb1 $14) 25... Rxd3 26. Rxc6 Bc3 27. Rb1 Red8 $11) 23. b3 Bxe4
$5 24. Rxe4 $6 {Extremly dangerous decision,which however proved itself in the
game! Hansen,Cu: Sacrifices a P for unclear attacking chances} (24. dxe4 Bd4 (
24... Qd2 $1 {Hansen,Cu} 25. Qg4 Bd4 26. Qe6+ Kh8 $13) 25. R3e2 e5 26. Kh1 b5
27. h4 Qe6 $13) 24... Qxd3 25. Qg4 e5 (25... Rd6 26. h4 e5 27. f4 Rd4 28. f5
$16) 26. f4 $1 Rd4 27. f5 $40 {Suddenly the black king is in danger. Hansen,Cu:
White has to give up more material to keep his attack  going} Rxe4 28. Rxe4
Qb1+ $1 (28... Qd6 $6 29. h4 Rd8 30. h5 Qd1+ 31. Kh2 $1 Qxg4 32. Rxg4 Rd4 33.
Kh3 $1 Rxg4 34. Kxg4 Kf7 35. hxg6+ hxg6 36. fxg6+ Kxg6 37. Be3 $14) 29. Kf2
Qxa2+ 30. Kg3 Qxb3+ 31. Be3 Qd3 $2 ({After the correct} 31... Re7 $1 32. fxg6 (
32. Kh3 Qd3 33. fxg6 Qd7 $1 $17) (32. Kh4 $5 Bf6+ 33. Bg5 Bxg5+ 34. Qxg5 Qd3
35. Rg4 Qd7 $19) 32... hxg6 33. Qc8+ Kg7 34. Rh4 (34. Qxc6 {Hansen,Cu} Qd3 $17)
34... Qxe3+ 35. Kg4 Qd4+ 36. Kg3 (36. Kg5 Qd2+ 37. Kg4 Qxg2#) 36... Qd3+ 37.
Kg4 Qxc4+ 38. Kg5 Qxh4+ 39. Kxh4 e4 $19 {white is hopeless.}) 32. fxg6 $13 h6
$8 33. Qf5 Re7 34. Qc8+ Kg7 35. Qxc6 Qd7 $6 (35... h5 $5 $13) (35... a5 $1 {
Hansen,Cu}) 36. Bxh6+ $1 Kxh6 $1 (36... Kg8 $6 37. Qa8+ Re8 38. Qd5+ Qxd5 39.
cxd5 Bf6 (39... Rd8 40. g7 Bxg7 41. Rg4 Rd7 42. d6 $18) 40. Kg4 $16) 37. Rh4+
Kg7 $4 {The final mistake.Black still had a draw after} (37... Kg5 $1 38. Qf3
Qc8 $1 39. Rg4+ Kh6 40. Rh4+ Kg5 (40... Kg7 41. Rh7+ Kxg6 42. Qh5+ Kf6 43. Rh6+
Kg7 44. Qg6+ Kf8 45. Rxh8#) 41. Rg4+ $11) 38. Rh7+ $18 Kg8 39. Qxd7 Rxd7 40.
Rxd7 1-0

[Event "YUG-ch53"]
[Site "Belgrade "]
[Date "1998.03.17"]
[Round "4"]
[White "Velimirovic, Dragoljub"]
[Black "Ivanisevic, Ivan"]
[Result "1-0"]
[WhiteElo "2535"]
[BlackElo "2460"]
[Annotator "Mueller,Karsten"]
[PlyCount "167"]
[EventDate "1998.03.14"]
[EventType "tourn"]
[EventRounds "15"]
[EventCountry "YUG"]
[EventCategory "10"]
[Source "ChessBase"]
[SourceDate "1998.06.02"]
[WhiteTeamCountry "YUG"]
[BlackTeamCountry "RUS"]

1. e4 c6 2. d4 d5 3. exd5 cxd5 4. c4 Nf6 5. Nc3 g6 6. cxd5 Bg7 7. Bc4 O-O 8.
Nge2 Na6 (8... Nbd7 {wird auch sehr häufig versucht.}) 9. O-O Nc7 10. Nf4 (10.
Qb3 a6 (10... b6 11. Bg5 Bb7 12. Nf4 Qd6 13. Rfe1 $14 {
Doghri,N-Kremenietsky,A/Moscow5 1990/EXT 90/1/2-1/2 (47)}) 11. d6 exd6 12. Bg5
$14 {1/2-1/2 Ftacnik,L-Haba,P/Ostrava 1994/Inf 61/[Ftacnik,L] (36)}) (10. Bg5
Ncxd5 11. Nxd5 Nxd5 12. Bxd5 Qxd5 13. Bxe7 Re8 14. Ba3 b6 $44 {(Ftacnik)})
10... Rb8 $6 (10... b6 11. a4 Bb7 12. Qb3 Rb8 (12... Qd6 13. a5 Rfd8 14. Be3
$11 {1/2-1/2 Gipslis,A-Drazic,S/Bardejov 1991/EXT 91 (24)}) 13. Be3 a6 $5 $132
{0-1 Conquest,S-Bronstein,D/Bayswater 1989/Inf 48/[Bronstein,D] (26)}) 11. a4
b6 12. Re1 a6 13. Qe2 Re8 14. Bd2 Bb7 15. Qd3 Qd7 16. Re5 Ba8 17. h3 b5 18.
axb5 axb5 19. Bb3 b4 $6 {konsequent, aber auch äußerst verpflichtend} 20. Ba4
Qd8 21. Bxe8 bxc3 (21... Nfxe8 $2 22. Na2 Bxe5 23. dxe5 Nxd5 24. Nxd5 Qxd5 25.
Qxd5 Bxd5 26. Nxb4 $16) 22. Bxf7+ Kxf7 23. bxc3 (23. Ne6 $5 Qd6 24. bxc3 Bxd5
25. Nxg7 Kxg7 26. c4 $16) 23... Nfxd5 24. Re2 Rb2 25. Rae1 Bh6 $2 (25... Bf6 $5
) 26. Nxg6 $1 hxg6 (26... Bxd2 27. Ne5+ $18) 27. Bxh6 Rb3 28. Bg5 $6 {
nach dem Fall des Bauern c3 wird d4 sehr schwach und das weiße Gewinnpotential
schrumpft erheblich zusammen.} ({Besser war} 28. Qf3+ $5 Nf6 (28... Kg8 $2 29.
Rxe7 Nxe7 30. Qf6 Ne8 31. Qf8+ Kh7 32. Rxe7+ $18) 29. Rxe7+ Qxe7 30. Rxe7+ Kxe7
31. Qg3 $18) 28... Rxc3 29. Rxe7+ Nxe7 30. Qxc3 Ne6 31. Qe3 $2 (31. Qg3 Nxg5
32. Qxg5 $16) 31... Qd5 $1 $11 32. f3 $6 (32. Qxe6+ Qxe6 33. Rxe6 Kxe6 34. Bxe7
Kxe7 35. f4 $11) 32... Nf5 $1 {Schwarz setzt nach und auf einmal ist es nicht
mehr so leicht für Weiß. Bei dieser Materialverteilung ist es sehr wichtig,
wer die Initiative besitzt.} 33. Qe4 $2 (33. Qd2 Nxg5 34. Qxg5 Qxd4+ 35. Kh1 (
35. Kh2 $2 Bxf3 $15) (35. Kf1 $4 Bd5 $17) 35... Qd6 $13) 33... Qxd4+ $2 (33...
Nxg5 $1 34. Qxd5+ (34. Qe8+ Kg7 35. Qe5+ Qxe5 36. Rxe5 Kf6 $17) 34... Bxd5 35.
Re5 Bb7 $17) 34. Qxd4 $14 Nfxd4 35. Be3 Nf5 (35... Bxf3 $4 36. Bxd4 Nxd4 37.
Rf1 $18) 36. Kf2 Bd5 37. g4 Nh4 38. f4 Kf6 (38... Ng2 39. Rf1 Ngxf4 40. Bxf4
Nxf4 41. Kg3 g5 42. h4 Kg7 43. hxg5 Ng6 $11) 39. Rd1 Be4 40. Kg3 Nf3 41. Rf1
Nfd4 42. Re1 Nc2 43. Re2 Bd3 44. Rd2 Nxe3 45. Rxd3 Nc4 46. h4 Nb6 47. Kf3 Nc8
48. Rd7 Ne7 49. Ra7 Nc5 50. Ra5 Nd3 $6 {
dieser Springer wird Schwarz noch Sorgen bereiten} (50... Ne6 {war vorzuziehen.
}) 51. Rb5 Ke6 52. h5 (52. Ke3 Nb4 53. Rb6+ Nbc6 54. Ke4 $14) 52... gxh5 53.
gxh5 (53. Rxh5 $5) 53... Ng8 $2 (53... Kf6 {mit der Idee} 54. Ke3 Nb4 {
sollte zu halten sein.}) 54. Rb3 $2 $11 (54. Ke3 $1 {
and the knight on d3 is lost: und der Springer d3 ist weg:} Ne1 (54... Nc1 55.
Kd2 Na2 56. Rb2 $18) 55. Rb2 Nf6 56. Re2 $18) 54... Nc5 55. Rb5 (55. h6 Nf6 $11
(55... Nxb3 $2 56. h7 $18)) 55... Nd7 56. Kg4 Kf6 57. Rf5+ Kg7 58. Rg5+ Kf7 59.
Ra5 Ndf6+ 60. Kg5 Nh7+ 61. Kf5 Nh6+ 62. Ke5 Ng4+ 63. Ke4 Ngf6+ 64. Kf3 Kg7 65.
Kg3 Kh6 66. Kh4 Nf8 67. Rg5 Kh7 68. Rg1 Kh6 69. f5 Kh7 70. Kg5 Ne4+ 71. Kf4 Nf6
72. Ra1 N8d7 (72... Kh6 73. Ke5 (73. Ra6 N8d7 $11) 73... Ng4+ $11) 73. Kg5 Ne4+
74. Kf4 Nef6 75. Re1 Nxh5+ 76. Kg5 Nhf6 77. Re7+ Kg8 78. Kg6 Ng4 $1 (78... Kh8
$2 79. Re6 Ng8 80. Re1 Ngf6 (80... Nf8+ 81. Kf7 Nh7 82. Ra1 Nhf6 (82... Nh6+
83. Kg6 Ng8 84. Rg1 Ne7+ $6 85. Kf7 Nxf5 $6 86. Rg8#) 83. Kg6 Ng4 84. Rh1+ N8h6
85. Rxh6+ $18) 81. Ra1 Ne8 82. Ra8 Ne5+ 83. Kh5 $1 $18) (78... Kf8 $2 79. Rf7+
Kg8 80. Rxf6 $18) 79. Re8+ Nf8+ 80. Kg5 Nh2 $2 (80... Kf7 $1 81. Ra8 Ne5 82.
Ra7+ Nfd7 $11) (80... Nf2 $2 81. Kf6 Ng4+ 82. Ke7 $18) 81. Kf4 Kf7 82. Re2 Nf1
83. Rf2 Kf6 84. Rxf1 1-0

[Event "YUG-ch53"]
[Site "Belgrade "]
[Date "1998.03.18"]
[Round "5"]
[White "Pavlovic, Milos"]
[Black "Velimirovic, Dragoljub"]
[Result "1-0"]
[WhiteElo "2190"]
[BlackElo "2535"]
[PlyCount "83"]
[EventDate "1998.03.14"]
[EventType "tourn"]
[EventRounds "15"]
[EventCountry "YUG"]
[EventCategory "10"]
[Source "ChessBase"]
[SourceDate "1998.06.02"]
[WhiteTeamCountry "YUG"]
[BlackTeamCountry "RUS"]

1. d4 c5 2. d5 Nf6 3. c4 e6 4. Nc3 exd5 5. cxd5 d6 6. e4 g6 7. Bd3 Bg7 8. Nge2
O-O 9. O-O a6 10. a4 Nbd7 11. h3 Nh5 12. f4 f5 13. exf5 gxf5 14. Rf3 Rf7 15.
Ng3 Nxg3 16. Rxg3 Nf8 17. Kh2 Bd7 18. Rb1 Ng6 19. Be2 Rc8 20. Bh5 Qf6 21. Ne2
Re7 22. b4 Be8 23. Bb2 Qf7 24. Bxg7 Kxg7 25. Rg5 Bd7 26. Rb3 Qf6 27. Rbg3 Be8
28. Qb1 Re4 29. bxc5 Rxc5 30. Bf3 Rcc4 31. Bxe4 Rxe4 32. Qxb7+ Bf7 33. Qxa6 Qe7
34. Nc3 Rxf4 35. Nb5 Rf2 36. Qxd6 Qe1 37. Nd4 Rf1 38. Nxf5+ Kg8 39. Qd8+ Be8
40. Rxg6+ hxg6 41. Rxg6+ Kh7 42. Rh6+ 1-0